000 00690nam a2200169Ia 4500
008 090711s9999 xx 000 0 und d
082 _b2106
100 _aकेळकर ग. म. / लेले द्वारकानाथ
245 _aअद्वितीय साहसकथा
260 _bपुरंदरे प्रकाशन
_c1986
300 _a87
600 _aकेळकर ग. म. / लेले द्वारकानाथ
630 _aअद्वितीय साहसकथा
700 _aकेळकर ग. म. / लेले द्वारकानाथ
730 _aअद्वितीय साहसकथा
942 _cBOOK
999 _c339164
_d339161